• 首页
  • 本馆介绍
  • 公告通知
  • 最新文献
  • 馆藏检索
  • 电子资源
  • 读者导购
  • 参考咨询
  • 我的图书馆
  • 登录
  • 详细信息显示
  • 放入我的书架
  • 预约/预借图书
  • 作者相关作品
  • 分类相关作品
  • 丛书相关作品
  • 出版社相关作品

书目信息

  • 表格格式
  • 工作单格式
  • 卡片格式
题名:
卫星遥感被动探测高层大气风场
    
 
作者: 唐远河 , 张淳民 编著
分册:  
出版信息: 北京   科学出版社  2011
页数: 158页
开本: 24cm
丛书名:
单 册:
中图分类: X87
科图分类:
主题词: 气象卫星--Qi Xiang Wei Xing--卫星遥感--风场--研究
电子资源:
ISBN: 978-7-03-032100-8
000 01061nam0 22002531 450
001 349914
005 20161010155909.29
010    @a978-7-03-032100-8@dCNY48.00
100    @a20110926d2011 em y0chiy50 ea
101 0  @achi
102    @aCN@b110000
105    @aa z 000yy
106    @ar
200 1  @a卫星遥感被动探测高层大气风场@AWei Xing Yao Gan Bei Dong Tan Ce Gao Ceng Da Qi Feng Chang@dSatellite-Based Passive Sensing of the Upper Atmospheric Winds@f唐远河,张淳民编著@zeng
210    @a北京@c科学出版社@d2011
215    @a158页@c图@d24cm
330    @a本书共分9章,全面系统地介绍了卫星遥感探测高层大气风场的基本概念、技术体系、原理方法,涉及地球中间层和低热层大气动力学规律、探测光源的辐射特征等内容。
510 1  @aSatellite-Based Passive Sensing of the Upper Atmospheric Winds@zeng
606 0  @a气象卫星@AQi Xiang Wei Xing@x卫星遥感@x风场@x研究
690    @aX87@v5
701  0 @a唐远河@ATang Yuan He@c(女,@f1965~)@4编著
701  0 @a张淳民@AZhang Chun Min@f(1956~)@4编著
801  0 @aCN@bTANGWEI@20160802
905    @b0887395-9@dX87@e211@f5
    
    卫星遥感被动探测高层大气风场=Satellite-Based Passive Sensing of the Upper Atmospheric Winds/唐远河,张淳民编著.-北京:科学出版社,2011
    158页:图;24cm
    
    
    ISBN 978-7-03-032100-8:CNY48.00
    本书共分9章,全面系统地介绍了卫星遥感探测高层大气风场的基本概念、技术体系、原理方法,涉及地球中间层和低热层大气动力学规律、探测光源的辐射特征等内容。
●
相关链接 在E读中查询图书 在五车中查询图书 在当当中查询图书 在豆瓣中查询图书


正题名:卫星遥感被动探测高层大气风场     索取号:X87/211         预约/预借

序号 登录号 条形码 馆藏地/架位号 状态 备注
1 0887395   208873959   第二样本阅览室/ [索取号:X87/211] 在馆    
2 0887396   208873968   第三借阅区/ [索取号:X87/211] 在馆    
3 0887397   208873977   第三借阅区/ [索取号:X87/211] 在馆    
4 0887398   208873986   第三借阅区/ [索取号:X87/211] 在馆    
5 0887399   208873995   第三借阅区/ [索取号:X87/211] 在馆    
唐山师范学院图书馆 欢迎您!
大连网信软件有限公司© 版权所有